[Event "Groningen Combinatie op"]
[Site "Groningen"]
[Date "2023.05.19"]
[Round "2"]
[White "Jacobs, Florian"]
[Black "Van de Poel, Taco"]
[Result "1-0"]
[WhiteElo "2227"]
[BlackElo "1854"]
[PlyCount "89"]
[EventDate "2023.05.18"]
[EventType "swiss"]
[EventRounds "7"]
[EventCountry "NED"]
[SourceTitle "CBM 214 Extra"]
[Source "ChessBase"]
[SourceDate "2023.07.31"]
[SourceVersion "1"]
[SourceVersionDate "2023.07.31"]
[SourceQuality "1"]

1. d4 Nf6 2. c4 g6 3. Nc3 d5 4. cxd5 Nxd5 5. e4 Nxc3 6. bxc3 Bg7 7. Nf3 c5 8. Bb5+ Bd7 9. Rb1 0-0 10. 0-0 Bg4 11. Be3 Qa5 12. d5 Bxc3 13. Be2 Nd7 14. Rxb7 Rab8 15. Rb3 Rxb3 16. axb3 Qa2 17. h3 Bxf3 18. Bxf3 Rb8 19. Bg4 Nf6 20. Bxc5 Nxe4 21. Bxe7 f5 22. d6 Qxb3 23. Qxb3+ Rxb3 24. d7 Ba5 25. Be2 Rb8 26. Ra1 Bb6 27. Bc4+ Kg7 28. Ra2 Bd8 29. Bxd8 Rxd8 30. Rxa7 Kf6 31. Bb5 Ke7 32. h4 Nf6 33. Kh2 Nxd7 34. Kg3 h6 35. Kf4 Ke6 36. Bxd7+ Rxd7 37. Rxd7 Kxd7 38. h5 Ke7 39. hxg6 Kf6 40. g7 Kxg7 41. Kxf5 Kf7 42. f4 Kg7 43. Ke6 h5 44. f5 Kf8 45. Kf6 1-0

[Event "Hoogeveen op 25th"]
[Site "Hoogeveen"]
[Date "2022.10.21"]
[Round "8"]
[White "Van de Poel, Taco"]
[Black "Borggreve, Martin HM"]
[Result "1-0"]
[WhiteElo "1881"]
[BlackElo "1534"]
[PlyCount "33"]
[EventDate "2022.10.15"]
[EventType "swiss"]
[EventRounds "9"]
[EventCountry "NED"]
[SourceTitle "CBM 210 Extra"]
[Source "ChessBase"]
[SourceDate "2022.11.30"]
[SourceVersion "1"]
[SourceVersionDate "2022.11.30"]
[SourceQuality "1"]

1. e4 d6 2. d4 f5 3. Nc3 Nf6 4. Bd3 e6 5. Nf3 Nc6 6. exf5 exf5 7. 0-0 Be7 8. Re1 h6 9. Nh4 Ne4 10. Qh5+ Kf8 11. Bc4 d5 12. Bxd5 Nd6 13. Ng6+ Ke8 14. Nxh8+ Kf8 15. Ng6+ Ke8 16. Nxe7+ Kf8 17. Ng6# 1-0

[Event "Hoogeveen op 25th"]
[Site "Hoogeveen"]
[Date "2022.10.17"]
[Round "3"]
[White "Mueer, Sebastian"]
[Black "Van de Poel, Taco"]
[Result "1-0"]
[WhiteElo "2177"]
[BlackElo "1881"]
[PlyCount "41"]
[EventDate "2022.10.15"]
[EventType "swiss"]
[EventRounds "9"]
[EventCountry "NED"]
[SourceTitle "CBM 210 Extra"]
[Source "ChessBase"]
[SourceDate "2022.11.30"]
[SourceVersion "1"]
[SourceVersionDate "2022.11.30"]
[SourceQuality "1"]

1. e4 c5 2. Nf3 d6 3. d4 cxd4 4. Nxd4 Nf6 5. Nc3 Nc6 6. f3 e5 7. Nb3 Be6 8. Be3 Be7 9. Qe2 a5 10. 0-0-0 a4 11. Nc5 a3 12. b3 Bc8 13. N5a4 0-0 14. Bb6 Qe8 15. Nb5 Rxa4 16. bxa4 Nb4 17. Qc4 d5 18. exd5 Nfxd5 19. Rxd5 Be6 20. Nc7 Bxd5 21. Nxd5 1-0

[Event "Hoogeveen op 25th"]
[Site "Hoogeveen"]
[Date "2022.10.16"]
[Round "2"]
[White "Winkel, Ruud"]
[Black "Van de Poel, Taco"]
[Result "0-1"]
[WhiteElo "1663"]
[BlackElo "1881"]
[PlyCount "112"]
[EventDate "2022.10.15"]
[EventType "swiss"]
[EventRounds "9"]
[EventCountry "NED"]
[SourceTitle "CBM 210 Extra"]
[Source "ChessBase"]
[SourceDate "2022.11.30"]
[SourceVersion "1"]
[SourceVersionDate "2022.11.30"]
[SourceQuality "1"]

1. f4 Nf6 2. Nf3 c5 3. e3 g6 4. c3 Bg7 5. d4 0-0 6. Bd3 d5 7. Nbd2 b6 8. 0-0 Bb7 9. Ne5 Ne4 10. Nxe4 dxe4 11. Bc4 Qc7 12. Qb3 e6 13. Bd2 Nc6 14. Nxc6 Qxc6 15. Bb5 Qd6 16. Rad1 a6 17. Be2 Rfd8 18. Be1 Qc7 19. g4 cxd4 20. cxd4 Bd5 21. Qc3 Qd7 22. Qd2 Bxa2 23. Bh4 Rdc8 24. Rc1 b5 25. Rxc8+ Rxc8 26. Qa5 Rc2 27. Bxb5 axb5 28. Qxa2 Bxd4 29. exd4 Qxd4+ 30. Bf2 e3 31. Qa8+ Kg7 32. Qf3 exf2+ 33. Kg2 Rxb2 34. f5 exf5 35. gxf5 Qf6 36. Rxf2 Rxf2+ 37. Qxf2 Qxf5 38. Qd4+ f6 39. Qa7+ Kh6 40. Qb6 g5 41. h3 Qd5+ 42. Kg3 Kg6 43. Qf2 Qe4 44. Qa2 Qc4 45. Qa8 Qe6 46. Qb7 Qe3+ 47. Kg2 Qd2+ 48. Kg3 Qf4+ 49. Kg2 b4 50. Qd5 Qe5 51. Qg8+ Kf5 52. Qxh7+ Kf4 53. Kf1 b3 54. Qa7 Qb5+ 55. Kf2 b2 56. Qe3+ Kf5 0-1

[Event "Hoogeveen op 25th"]
[Site "Hoogeveen"]
[Date "2022.10.15"]
[Round "1"]
[White "Van de Poel, Taco"]
[Black "Ashwath, R."]
[Result "0-1"]
[WhiteElo "1881"]
[BlackElo "2340"]
[PlyCount "64"]
[EventDate "2022.10.15"]
[EventType "swiss"]
[EventRounds "9"]
[EventCountry "NED"]
[SourceTitle "CBM 210 Extra"]
[Source "ChessBase"]
[SourceDate "2022.11.30"]
[SourceVersion "1"]
[SourceVersionDate "2022.11.30"]
[SourceQuality "1"]

1. e4 e5 2. d4 exd4 3. Nf3 Nc6 4. c3 d3 5. Bxd3 Bc5 6. b4 Bb6 7. a4 a6 8. Na3 d6 9. Nc4 Ba7 10. Be3 Bxe3 11. Nxe3 Nf6 12. 0-0 0-0 13. Nd4 Bd7 14. f4 Qb8 15. Nef5 Re8 16. Qf3 g6 17. b5 axb5 18. axb5 Rxa1 19. Rxa1 Nxd4 20. Nxd4 c5 21. bxc6 bxc6 22. f5 Qb2 23. Rf1 Qxc3 24. Ne2 Qc5+ 25. Kh1 g5 26. Ng3 Qd4 27. Bb1 Kh8 28. h3 d5 29. Rd1 Qe5 30. exd5 cxd5 31. Nh5 Ne4 32. f6 g4 0-1

[Event "Vlissingen HZ op 24th"]
[Site "Vlissingen"]
[Date "2022.08.12"]
[Round "8"]
[White "Van der Kaap, Jos"]
[Black "Van de Poel, Taco"]
[Result "1-0"]
[WhiteElo "2187"]
[BlackElo "1818"]
[PlyCount "55"]
[EventDate "2022.08.06"]
[EventType "swiss"]
[EventRounds "9"]
[EventCountry "NED"]
[SourceTitle "CBM 209 Extra"]
[Source "ChessBase"]
[SourceDate "2022.09.30"]
[SourceVersion "1"]
[SourceVersionDate "2022.09.30"]
[SourceQuality "1"]

1. d4 Nf6 2. Nf3 g6 3. g3 Bg7 4. Bg2 c5 5. c3 cxd4 6. cxd4 d5 7. 0-0 0-0 8. Ne5 Bf5 9. Nc3 Ne4 10. Qb3 Nc6 11. Rd1 Nxd4 12. Rxd4 Nxc3 13. bxc3 Bxe5 14. Rxd5 Qc7 15. Bh6 Rfc8 16. Rb5 Qxc3 17. Rf1 Qxb3 18. axb3 Bg7 19. Bxg7 Kxg7 20. Rxb7 Kf6 21. e4 Be6 22. e5+ Kxe5 23. Rb5+ Kf6 24. Bxa8 Rxa8 25. Ra1 a6 26. Rb6 a5 27. Ra4 Kg7 28. b4 1-0

[Event "Vlissingen HZ op 24th"]
[Site "Vlissingen"]
[Date "2022.08.11"]
[Round "7"]
[White "Van de Poel, Taco"]
[Black "Kools, Thomas"]
[Result "1/2-1/2"]
[WhiteElo "1818"]
[BlackElo "2135"]
[PlyCount "45"]
[EventDate "2022.08.06"]
[EventType "swiss"]
[EventRounds "9"]
[EventCountry "NED"]
[SourceTitle "CBM 209 Extra"]
[Source "ChessBase"]
[SourceDate "2022.09.30"]
[SourceVersion "1"]
[SourceVersionDate "2022.09.30"]
[SourceQuality "1"]

1. e4 c5 2. Nf3 e6 3. d4 cxd4 4. Nxd4 a6 5. c4 Nf6 6. Nc3 Bb4 7. Qd3 0-0 8. e5 Ne8 9. a3 Be7 10. Bf4 d6 11. Be2 dxe5 12. Bxe5 Nd7 13. Bg3 Nc5 14. Qe3 Bg5 15. f4 Bf6 16. Rd1 Qe7 17. b4 Nd7 18. c5 Bh4 19. Bxh4 Qxh4+ 20. g3 Qd8 21. 0-0 Nef6 22. Rfe1 Qc7 23. Bf3 1/2-1/2

[Event "Vlissingen HZ op 24th"]
[Site "Vlissingen"]
[Date "2022.08.10"]
[Round "6"]
[White "Van de Poel, Taco"]
[Black "Hari, Charan Sai Kalluri"]
[Result "1-0"]
[WhiteElo "1818"]
[BlackElo "2059"]
[PlyCount "85"]
[EventDate "2022.08.06"]
[EventType "swiss"]
[EventRounds "9"]
[EventCountry "NED"]
[SourceTitle "CBM 209 Extra"]
[Source "ChessBase"]
[SourceDate "2022.09.30"]
[SourceVersion "1"]
[SourceVersionDate "2022.09.30"]
[SourceQuality "1"]

1. e4 c5 2. Nf3 d6 3. d4 cxd4 4. Nxd4 Nf6 5. Nc3 a6 6. Bg5 e6 7. f4 Be7 8. Qf3 Qc7 9. 0-0-0 Nbd7 10. g4 b5 11. Bxf6 gxf6 12. f5 Ne5 13. Qh3 Bd7 14. fxe6 fxe6 15. g5 Qc8 16. Qh5+ Ng6 17. Bd3 Kd8 18. h4 Qc5 19. Nce2 fxg5 20. hxg5 Qxg5+ 21. Kb1 Kc7 22. Qh3 Qe5 23. Nf3 Qc5 24. Nfd4 Qe5 25. Nf3 Qf6 26. Rhf1 Raf8 27. Nfd4 Qe5 28. Nf3 Qc5 29. Nfd4 Qe5 30. Nf3 Qc5 31. Nfd4 Kb8 32. Rxf8+ Nxf8 33. Rf1 Rg8 34. a4 h5 35. axb5 axb5 36. Rf7 Qg5 37. Bxb5 Bxb5 38. Qb3 Nd7 39. Nxb5 Kc8 40. Na7+ Kd8 41. Nc6+ Kc7 42. Nxe7 Qc5 43. Nxg8 1-0

[Event "Vlissingen HZ op 23rd"]
[Site "Vlissingen"]
[Date "2019.08.07"]
[Round "6"]
[White "Kunnavakkam, Sudarshanagopal Vin"]
[Black "Van de Poel, Taco"]
[Result "1-0"]
[WhiteElo "1744"]
[BlackElo "1880"]
[PlyCount "75"]
[EventDate "2019.08.03"]
[EventType "swiss"]
[EventRounds "9"]
[EventCountry "NED"]
[SourceTitle "CBM 191 Extra"]
[Source "ChessBase"]
[SourceDate "2019.09.30"]
[SourceVersion "1"]
[SourceVersionDate "2019.09.30"]
[SourceQuality "1"]

1. e4 c5 2. d4 cxd4 3. c3 Nf6 4. e5 Nd5 5. Qxd4 e6 6. Nf3 Nc6 7. Qe4 f5 8. exf6 Nxf6 9. Qh4 Be7 10. Bd3 b6 11. Bg6+ Kf8 12. Bc2 Ba6 13. Bg5 Qc7 14. Qa4 Qb7 15. b4 Bc4 16. b5 Ne5 17. Nbd2 Rc8 18. Bxf6 gxf6 19. Bb3 d5 20. Bxc4 Nxc4 21. Qc2 Bd6 22. 0-0 Rg8 23. Nd4 Qf7 24. Nxc4 Rxc4 25. Qd2 Rg6 26. f4 f5 27. Kh1 Bc5 28. Nc6 Re4 29. Ne5 Rxe5 30. fxe5 Qg7 31. c4 d4 32. Qd3 Rxg2 33. Qf3 Rg4 34. Rg1 h5 35. h3 d3 36. hxg4 hxg4 37. Rxg4 Qxe5 38. Qa8+ 1-0

[Event "Vlissingen HZ op 21st"]
[Site "Vlissingen"]
[Date "2017.08.08"]
[Round "5"]
[White "Mellema, Andries"]
[Black "Van de Poel, Taco"]
[Result "1-0"]
[WhiteElo "2155"]
[BlackElo "1876"]
[PlyCount "67"]
[EventDate "2017.08.05"]
[EventType "swiss"]
[EventRounds "9"]
[EventCountry "NED"]
[SourceTitle "CBM 179 Extra"]
[Source "ChessBase"]
[SourceDate "2017.08.23"]
[SourceVersion "1"]
[SourceVersionDate "2017.08.23"]
[SourceQuality "1"]

1. e4 e5 2. Nf3 Nc6 3. d4 exd4 4. Bc4 Nf6 5. 0-0 Bc5 6. e5 d5 7. exf6 dxc4 8. Re1+ Be6 9. Ng5 Qd5 10. Nc3 Qf5 11. Nce4 0-0-0 12. Nxe6 fxe6 13. g4 Qe5 14. fxg7 Rhg8 15. Bh6 Bb4 16. f4 Qa5 17. Nf6 Bxe1 18. Qxe1 Qxe1+ 19. Rxe1 d3 20. cxd3 cxd3 21. Nxg8 Rxg8 22. f5 exf5 23. gxf5 d2 24. Rd1 Ne5 25. f6 Kd7 26. Bxd2 Nf3+ 27. Kg2 Nxd2 28. Rxd2+ Ke6 29. Rf2 Kf7 30. Kh3 Rd8 31. Kh4 Rd5 32. Rg2 Rd8 33. Kg5 Rd4 34. Kh5 1-0

[Event "Vlissingen HZ op 21st"]
[Site "Vlissingen"]
[Date "2017.08.05"]
[Round "1"]
[White "Admiraal, Miguoel"]
[Black "Van de Poel, Taco"]
[Result "1-0"]
[WhiteElo "2447"]
[BlackElo "1876"]
[PlyCount "57"]
[EventDate "2017.08.05"]
[EventType "swiss"]
[EventRounds "9"]
[EventCountry "NED"]
[SourceTitle "CBM 179 Extra"]
[Source "ChessBase"]
[SourceDate "2017.08.23"]
[SourceVersion "1"]
[SourceVersionDate "2017.08.23"]
[SourceQuality "1"]

1. d4 Nf6 2. Bg5 c5 3. d5 Ne4 4. Bf4 Qb6 5. Bc1 e6 6. f3 Nf6 7. e4 exd5 8. exd5 c4 9. Bxc4 Bc5 10. Ne2 0-0 11. Nbc3 Re8 12. Kf1 d6 13. Na4 Qb4 14. b3 Qa5 15. Nxc5 Qxc5 16. Qd4 b6 17. Qxc5 bxc5 18. Bf4 Rd8 19. Nc3 Bf5 20. Nb5 Ne8 21. Re1 Nd7 22. Nxd6 Bxc2 23. Nxe8 Rxe8 24. Rxe8+ Rxe8 25. Bb5 Rd8 26. Bc7 Rc8 27. d6 Nb8 28. Kf2 a6 29. Bc4 1-0

[Event "Vlissingen HZ op 19th"]
[Site "Vlissingen"]
[Date "2015.08.02"]
[Round "3"]
[White "Ratsma, Midas"]
[Black "Van de Poel, Taco"]
[Result "1/2-1/2"]
[WhiteElo "2150"]
[BlackElo "1935"]
[PlyCount "44"]
[EventDate "2015.08.01"]
[EventType "swiss"]
[EventRounds "9"]
[EventCountry "NED"]
[SourceTitle "CBM 167 Extra"]
[Source "ChessBase"]
[SourceDate "2015.09.14"]
[SourceVersion "1"]
[SourceVersionDate "2015.09.14"]
[SourceQuality "1"]

1. d4 Nf6 2. Bg5 Ne4 3. Bf4 c5 4. f3 Nf6 5. dxc5 Qa5+ 6. Nc3 Qxc5 7. e4 g5 8. Bg3 Bg7 9. Qd2 0-0 10. 0-0-0 Nc6 11. Nh3 h6 12. Be2 d6 13. f4 g4 14. Nf2 b5 15. Bxb5 Nh5 16. Bxc6 Qxc6 17. Qd5 Qb6 18. Na4 Qe3+ 19. Rd2 Nxg3 20. Nd1 Ne2+ 21. Kb1 Qxf4 22. Rxe2 Be6 1/2-1/2

[Event "Vlissingen HZ op 17th"]
[Site "Vlissingen"]
[Date "2013.08.08"]
[Round "7"]
[White "Dijkhuis, Tycho"]
[Black "Van de Poel, Taco"]
[Result "1-0"]
[WhiteElo "2176"]
[BlackElo "1959"]
[PlyCount "27"]
[EventDate "2013.08.03"]
[EventType "swiss"]
[EventRounds "9"]
[EventCountry "NED"]
[SourceTitle "CBM 155 Extra"]
[Source "ChessBase"]
[SourceDate "2013.08.26"]
[SourceVersion "1"]
[SourceVersionDate "2013.08.26"]
[SourceQuality "1"]

1. e4 e5 2. Nf3 Nc6 3. Bc4 Nf6 4. Ng5 Bc5 5. Bxf7+ Ke7 6. Bb3 d6 7. Nc3 Rf8 8. 0-0 Bg4 9. Nd5+ Ke8 10. Nxf6+ Qxf6 11. Qxg4 Qxf2+ 12. Rxf2 Rxf2 13. Qe6+ Ne7 14. h3 1-0

[Event "Vlissingen HZ op 17th"]
[Site "Vlissingen"]
[Date "2013.08.05"]
[Round "4"]
[White "Van de Poel, Taco"]
[Black "Kampman, Tijmen"]
[Result "0-1"]
[WhiteElo "1959"]
[BlackElo "2126"]
[PlyCount "59"]
[EventDate "2013.08.03"]
[EventType "swiss"]
[EventRounds "9"]
[EventCountry "NED"]
[SourceTitle "CBM 155 Extra"]
[Source "ChessBase"]
[SourceDate "2013.08.26"]
[SourceVersion "1"]
[SourceVersionDate "2013.08.26"]
[SourceQuality "1"]

1. e4 e6 2. d4 d5 3. e5 c5 4. c3 Nc6 5. Nf3 Bd7 6. Be2 Rc8 7. 0-0 Qb6 8. dxc5 Bxc5 9. b4 Bf8 10. Re1 Nge7 11. Bd3 Ng6 12. h4 Qc7 13. Qe2 f6 14. exf6 gxf6 15. Na3 Be7 16. Nb5 Qb8 17. Bh6 Nf4 18. Bxf4 Qxf4 19. Rad1 0-0 20. g3 Qh6 21. Bb1 Rfe8 22. a3 a6 23. Nbd4 Nxd4 24. Nxd4 Bd6 25. Ba2 Kh8 26. Qf3 Be5 27. Qd3 Rg8 28. c4 Ba4 29. Rd2 dxc4 30. Bxc4 0-1

[Event "Vlissingen HZ op 15th"]
[Site "Vlissingen"]
[Date "2011.07.31"]
[Round "2"]
[White "Admiraal, Miguoel"]
[Black "Van de Poel, Taco"]
[Result "1-0"]
[WhiteElo "2246"]
[BlackElo "1992"]
[PlyCount "55"]
[EventDate "2011.07.30"]
[EventType "swiss"]
[EventRounds "9"]
[EventCountry "NED"]
[SourceTitle "CBM 143 Extra"]
[Source "ChessBase"]
[SourceDate "2011.08.29"]
[SourceVersion "1"]
[SourceVersionDate "2011.08.29"]
[SourceQuality "1"]

1. Nf3 Nf6 2. g3 b5 3. Bg2 Bb7 4. 0-0 c5 5. b3 d5 6. Bb2 e6 7. c4 a6 8. cxd5 Bxd5 9. d3 Be7 10. Nbd2 0-0 11. Rc1 Nbd7 12. Rc2 Qb6 13. Qa1 Rac8 14. Rfc1 Qb7 15. e4 Bc6 16. b4 Qb6 17. bxc5 Nxc5 18. Bd4 Bb7 19. Ne5 Rc7 20. Nb3 Rfc8 21. Qb1 Bf8 22. Bf1 Ba8 23. Nxc5 Bxc5 24. Rxc5 Rxc5 25. Rxc5 Rxc5 26. Qb4 Rc4 27. Qxc4 bxc4 28. Bxb6 1-0

[Event "Vlissingen HZ op 14th"]
[Site "Vlissingen"]
[Date "2010.08.11"]
[Round "6"]
[White "Van de Poel, Taco"]
[Black "Verduyn, Frederic"]
[Result "0-1"]
[WhiteElo "2005"]
[BlackElo "2195"]
[PlyCount "125"]
[EventDate "2010.08.07"]
[EventType "swiss"]
[EventRounds "9"]
[EventCountry "NED"]
[SourceTitle "CBM 137 Extra"]
[Source "ChessBase"]
[SourceDate "2010.09.01"]
[SourceVersion "1"]
[SourceVersionDate "2010.09.01"]
[SourceQuality "1"]

1. e4 d6 2. d4 Nf6 3. Nc3 c6 4. Nf3 Bg4 5. Be2 e6 6. 0-0 d5 7. exd5 cxd5 8. Ne5 Bxe2 9. Nxe2 Be7 10. Ng3 Nc6 11. c3 0-0 12. Be3 Rc8 13. Qe2 a6 14. f4 g6 15. f5 exf5 16. Bh6 Re8 17. Nxf5 Nxe5 18. dxe5 Bc5+ 19. Nd4 Ne4 20. Qf3 Qd7 21. Qf4 Qc7 22. Qf3 Bf8 23. Bxf8 Rxf8 24. e6 f5 25. Qf4 Qxf4 26. Rxf4 Rfe8 27. Rd1 Nc5 28. Rf3 Rcd8 29. Rf4 Nxe6 30. Nxe6 Rxe6 31. Rfd4 Re2 32. R1d2 Rxd2 33. Rxd2 Kf7 34. Kf2 Ke6 35. Kf3 Rc8 36. g4 fxg4+ 37. Kxg4 Rc4+ 38. Kf3 Re4 39. Kg3 h5 40. Kf3 g5 41. h3 Rf4+ 42. Kg3 Ke5 43. Rd1 Re4 44. Kf3 d4 45. cxd4+ Rxd4 46. Re1+ Kf5 47. Re2 Rd3+ 48. Kg2 Kf4 49. Rf2+ Ke4 50. Re2+ Kd4 51. Rc2 h4 52. Re2 Re3 53. Rd2+ Ke4 54. Rc2 Rg3+ 55. Kh2 Re3 56. Kg2 Rg3+ 57. Kh2 Rd3 58. Rc4+ Rd4 59. Rc2 Ke3 60. Kg1 Rd1+ 61. Kg2 b5 62. Rc3+ Ke4 63. Rb3 0-1

[Event "Vlissingen HZ op 14th"]
[Site "Vlissingen"]
[Date "2010.08.08"]
[Round "2"]
[White "Van de Poel, Taco"]
[Black "Hoolt, Sarah"]
[Result "0-1"]
[WhiteElo "2005"]
[BlackElo "2245"]
[PlyCount "136"]
[EventDate "2010.08.07"]
[EventType "swiss"]
[EventRounds "9"]
[EventCountry "NED"]
[SourceTitle "CBM 137 Extra"]
[Source "ChessBase"]
[SourceDate "2010.09.01"]
[SourceVersion "1"]
[SourceVersionDate "2010.09.01"]
[SourceQuality "1"]

1. e4 c5 2. Nc3 Nc6 3. Nge2 e6 4. d4 cxd4 5. Nxd4 Qc7 6. Be3 a6 7. Be2 Nf6 8. 0-0 Be7 9. f4 d6 10. Qe1 0-0 11. Qg3 Nxd4 12. Bxd4 b5 13. e5 dxe5 14. Bxe5 Qb6+ 15. Kh1 Bb7 16. Bd3 Nh5 17. Qg4 g6 18. Rad1 Rad8 19. Ne2 Nf6 20. Qh3 Nd7 21. Bd4 Bc5 22. c3 Bxd4 23. Nxd4 Nc5 24. Bb1 b4 25. Rde1 bxc3 26. bxc3 Rd5 27. Re5 Rxe5 28. fxe5 Nd7 29. Qg3 Bd5 30. h4 Qc7 31. Re1 f5 32. h5 Kg7 33. hxg6 hxg6 34. Kg1 Qc5 35. Re3 Kf7 36. Qh4 Rg8 37. Qh7+ Rg7 38. Qh4 Qe7 39. Qxe7+ Kxe7 40. Bd3 Nc5 41. c4 Bb7 42. Nb3 Nd7 43. Bc2 Rh7 44. Kf2 Rh2 45. Rg3 Nxe5 46. Nc5 Bc8 47. Bb3 Rh4 48. Kg1 Rd4 49. Na4 Rd2 50. Rh3 Bb7 51. Rh7+ Nf7 52. Rh2 g5 53. Nc5 Bc8 54. Rh3 f4 55. Rh5 Rd4 56. Kf1 Kd6 57. Na4 Bd7 58. Nb6 Bc6 59. Nc8+ Kc5 60. Ne7 Be4 61. Ng8 Bd3+ 62. Kf2 Bxc4 63. Bxc4 Kxc4 64. Rh7 Ne5 65. Rc7+ Kd3 66. Nf6 g4 67. Re7 g3+ 68. Ke1 Rb4 0-1

[Event "Vlissingen HZ op 13th"]
[Site "Vlissingen"]
[Date "2009.08.07"]
[Round "8"]
[White "Colijn, Stefan"]
[Black "Van de Poel, Taco"]
[Result "1-0"]
[WhiteElo "2187"]
[BlackElo "2023"]
[PlyCount "79"]
[EventDate "2009.08.01"]
[EventType "swiss"]
[EventRounds "9"]
[EventCountry "NED"]
[SourceTitle "CBM 131 Extra"]
[Source "ChessBase"]
[SourceDate "2009.09.03"]
[SourceVersion "2"]
[SourceVersionDate "2009.09.16"]
[SourceQuality "1"]

1. c4 e5 2. e3 Nc6 3. Nc3 f5 4. g3 Nf6 5. d3 Bb4 6. Nge2 d5 7. cxd5 Qxd5 8. Rg1 Be6 9. a3 Bxc3+ 10. bxc3 Rd8 11. d4 0-0 12. Bg2 Qc4 13. Bd2 Ne4 14. f3 Nxd2 15. Qxd2 Rfe8 16. Kf2 Na5 17. Qb2 c5 18. dxe5 Qa4 19. f4 Rd7 20. Rab1 Bc4 21. Rge1 Red8 22. Qc1 Nb3 23. Qc2 g6 24. Rbd1 Rd2 25. Qb1 Qa6 26. Bf3 b6 27. g4 fxg4 28. Bxg4 b5 29. Rxd2 Rxd2 30. Rd1 Qc6 31. Rxd2 Nxd2 32. Qd1 Ne4+ 33. Kg1 Bd5 34. Qd3 Kf7 35. f5 gxf5 36. Bxf5 Ng5 37. Nf4 Be6 38. Bxe6+ Nxe6 39. Qf5+ Ke7 40. Qf6+ 1-0

[Event "Vlissingen HZ op 13th"]
[Site "Vlissingen"]
[Date "2009.08.05"]
[Round "6"]
[White "De Vos, Nils"]
[Black "Van de Poel, Taco"]
[Result "1-0"]
[WhiteElo "2205"]
[BlackElo "2023"]
[PlyCount "67"]
[EventDate "2009.08.01"]
[EventType "swiss"]
[EventRounds "9"]
[EventCountry "NED"]
[SourceTitle "CBM 131 Extra"]
[Source "ChessBase"]
[SourceDate "2009.09.03"]
[SourceVersion "2"]
[SourceVersionDate "2009.09.16"]
[SourceQuality "1"]

1. c4 e5 2. Nc3 Nc6 3. g3 f5 4. Bg2 Nf6 5. d3 Bb4 6. Bd2 0-0 7. Nh3 d6 8. e3 Bxc3 9. Bxc3 Qe8 10. Qe2 f4 11. gxf4 Bg4 12. f3 Bxh3 13. Bxh3 exf4 14. e4 Qh5 15. Bg2 Rae8 16. 0-0-0 d5 17. Qf2 dxc4 18. dxc4 Ne5 19. b3 Rd8 20. Qe2 Rde8 21. Kb1 a5 22. a4 Ned7 23. Qf2 c6 24. h4 b5 25. Bh3 Ne5 26. axb5 cxb5 27. c5 Qxf3 28. Qxf3 Nxf3 29. c6 Nxe4 30. Bxa5 Nf2 31. c7 Nxd1 32. Rxd1 Nxh4 33. Bb4 Rc8 34. Bxf8 1-0

[Event "Vlissingen HZ op 13th"]
[Site "Vlissingen"]
[Date "2009.08.02"]
[Round "3"]
[White "Van de Poel, Taco"]
[Black "Timmermans, Ivo"]
[Result "0-1"]
[WhiteElo "2023"]
[BlackElo "2223"]
[PlyCount "46"]
[EventDate "2009.08.01"]
[EventType "swiss"]
[EventRounds "9"]
[EventCountry "NED"]
[SourceTitle "CBM 131 Extra"]
[Source "ChessBase"]
[SourceDate "2009.09.03"]
[SourceVersion "2"]
[SourceVersionDate "2009.09.16"]
[SourceQuality "1"]

1. e4 e6 2. d4 d5 3. e5 c5 4. c3 Nc6 5. Nf3 Bd7 6. Be2 Nge7 7. Na3 cxd4 8. cxd4 Ng6 9. h4 Be7 10. h5 Nh4 11. Nxh4 Bxh4 12. Nc2 Be7 13. h6 g6 14. Rh3 Rc8 15. Kf1 f6 16. exf6 Bxf6 17. Rg3 0-0 18. Qd3 Ne7 19. Rf3 Nf5 20. g4 Nd6 21. Bf4 Ne4 22. Re1 Bg5 23. Bd6 Nxd6 0-1

[Event "Vlissingen HZ op 12th"]
[Site "Vlissingen"]
[Date "2008.08.03"]
[Round "2"]
[White "Diamant, Andre"]
[Black "Van de Poel, Taco"]
[Result "1-0"]
[WhiteElo "2393"]
[BlackElo "2044"]
[PlyCount "47"]
[EventDate "2008.08.02"]
[EventType "swiss"]
[EventRounds "9"]
[EventCountry "NED"]
[SourceTitle "CBM 125 Extra"]
[Source "ChessBase"]
[SourceDate "2008.09.01"]
[SourceVersion "1"]
[SourceVersionDate "2008.09.01"]
[SourceQuality "1"]

1. e4 e5 2. Nf3 Nc6 3. Bb5 a6 4. Ba4 Nf6 5. 0-0 b5 6. Bb3 Bc5 7. a4 Rb8 8. Nc3 d6 9. d3 Bg4 10. Be3 Nd4 11. Bxd4 Bxd4 12. h3 Bxf3 13. Qxf3 0-0 14. Nd1 g6 15. axb5 axb5 16. c3 Bb6 17. Ne3 Kg7 18. Rad1 c6 19. Rfe1 Qc7 20. d4 Rbe8 21. Bc2 exd4 22. cxd4 c5 23. dxc5 Bxc5 24. Qxf6+ 1-0

[Event "BEL VSF op-A"]
[Site "Belgium"]
[Date "2001.??.??"]
[Round "?"]
[White "Van de Poel, Taco"]
[Black "Lavrenov, Yuli"]
[Result "0-1"]
[WhiteElo "2005"]
[BlackElo "2185"]
[PlyCount "82"]
[EventDate "2001.??.??"]
[EventType "swiss"]
[EventRounds "7"]
[EventCountry "BEL"]
[SourceTitle "EXT 2003"]
[Source "ChessBase"]
[SourceDate "2002.11.25"]
[SourceVersion "1"]
[SourceVersionDate "2002.11.25"]
[SourceQuality "1"]

1. c4 Nf6 2. Nc3 d5 3. cxd5 Nxd5 4. g3 Nxc3 5. bxc3 g6 6. Bg2 Bg7 7. Rb1 Nd7 8. Bxb7 Bxb7 9. Rxb7 Nb6 10. Qb3 Qd7 11. c4 Qc6 12. Qb5 Qxb5 13. cxb5 Kd7 14. Nf3 Kc8 15. Rxb6 axb6 16. a3 Ra5 17. 0-0 Rxb5 18. d3 h6 19. Nd2 Bb2 20. Nc4 Bxc1 21. Rxc1 Kb7 22. Ra1 Ra8 23. a4 Rb4 24. a5 b5 25. Ne5 Ra4 26. Rb1 R4xa5 27. Kg2 c6 28. Kf3 g5 29. Ke3 f6 30. Nc4 Ra1 31. Rb2 Rh1 32. Nd2 Rxh2 33. Rb1 g4 34. Ne4 h5 35. Kf4 Ra2 36. Ke3 h4 37. gxh4 Rxh4 38. Rb3 f5 39. Ng3 Rh3 40. d4 e6 41. Kf4 Rxg3 0-1